| 000 | 00494nam a2200193 a 4500 | ||
|---|---|---|---|
| 005 | 20210219153537.0 | ||
| 008 | 991125n 000 0 u | ||
| 035 | _aUPN01000105630 | ||
| 222 | _aCOMUNICACION EDUCATIVA | ||
| 245 | _a¿Para qué sirve la televisión? | ||
| 300 | _a2 | ||
| 362 | _a1981 Año 2, no. 11, sept. | ||
| 653 | 0 | _aILCE | |
| 653 | 0 | _aPOLITICA EDUCATIVA | |
| 653 | 0 | _aTELESECUNDARIA | |
| 653 | 0 | _aTELEVISION EDUCATIVA | |
| 904 |
_aAC _b043441 |
||
| 905 | _aArticulo | ||
| 999 |
_c79571 _d79571 |
||